000 00478nam a2200181Ia 4500
001 21197
005 20260306172901.0
008 260306t2005||||xx |||||||||||||| ||spa||
041 _aESP
082 _a344.2
_bC73
100 _aCodesido, Eduardo Alberto
_eAUT
245 0 _aEl concepto de pena:
_by sus implicancias jurídicas en Santo Tomas de Aquino
260 _c2005
300 _a84 páginas :
_c23 cm.
650 _aGEN
654 _aCDE
942 _cLIB
_dJUS
_fJUS
_2ddc
_n
999 _c21197
_d21197